=LDR 00000nam 2200000 4500 =001 INLIS000000000050771 =005 20170516091228 =035 ##$$a 0010-0517000424 =007 ta =008 170516###########################0###### =020 ##$$a 978-602-7996-06-9 =082 ##$$a 900 =084 ##$$a 900 MAN b =100 #$$a Manis, Hoeda =245 1#$$a Buku Pintar Sejarah dan Pengetahuan Dunia Abad 20 /$c Hoeda Manis =250 ##$$a Cet.1 =260 ##$$a Yogyakarta :$b Trans Media Publishing,$c 2013 =300 ##$$a 627 hlm. : $b Ilus ; $c 26 cm. =650 ##$$a SEJARAH =990 ##$$a 85768576 =990 ##$$a 85768576 =990 ##$$a 31700645 =990 ##$$a 02201708576 =990 ##$$a 31700646 =990 ##$$a 31700645